|
|
|
|
| LEADER |
00000cam a2200000 7i4500 |
| 001 |
0000023440 |
| 005 |
20110913.0 |
| 008 |
110912s my a may |
| 020 |
|
|
|a 9789833526680
|
| 040 |
|
|
|a INS
|
| 090 |
0 |
0 |
|a QA76.76.O63
|b I85 2007
|
| 100 |
0 |
|
|a Iskandar Ab Rashid
|
| 245 |
1 |
0 |
|a Memperkenalkan windows vista : langkah demi langkah
|c Iskandar Ab Rashid, Zaitun Ismail
|
| 260 |
|
|
|a Batu Caves, Selangor :
|b Venton pub. ,
|c 2007
|
| 300 |
|
|
|a 148ms. :
|b il. ;
|c 25cm.
|
| 490 |
1 |
|
|a Siri windows vista
|
| 500 |
|
|
|a Mengandungi indeks
|
| 650 |
|
0 |
|a Microsoft Windows (Computer file)
|
| 650 |
|
0 |
|a Operating systems (Computers)
|
| 700 |
0 |
|
|a Zaitun ismail
|
| 830 |
|
0 |
|a Siri Windows Vista, Langkah demi langkah
|
| 999 |
|
|
|a 1000000074
|b BOOK
|c Open Shelf
|e Default branch
|